000 00976nab a22002417a 4500
999 _c5488
_d5488
003 OSt
005 20251205132937.0
008 190502c xxu||||| |||| 00| 0 spa d
040 _cPJ
100 _aRivas, Mariano Tomás
_96482
245 1 3 _aEl pedido de pena en la etapa preparatoria /
_cMariano Tomás Rivas.
260 _aCiudad Autónoma de Buenos Aires :
_bThomson Reuters La Ley,
_c2025.
300 _ap. 11-21
500 _aCita Online: AR/DOC/607/2025.
505 _aSumario: I. Introducción.— II. El planteo del problema.— III. Conclusiones.
505 _t¿Te interesa el texto completo? Solicitalo al correo: koha@justierradelfuego.gov.ar
650 0 _9343
_aDERECHO PENAL
650 0 _94022
_aMINISTERIO PÚBLICO FISCAL
650 0 _92500
_aCODIGO PROCESAL PENAL
650 0 _92348
_aPROCESO PENAL
773 0 _02729
_93180
_dBuenos Aires : LexisNexis, 2006-
_tRevista de derecho penal y procesal penal. Nº 5 - Mayo 2025
_z9875920622
942 _2udc
_cANA